000 00314nam a2200121Ia 4500
008 150201s2013 xx 000 0 und d
082 _a5.276
_bBLA
100 _aBlack Book
245 _aASP.NET 4.5 in covers C♯ and VB cods
260 _bDreamtech Press
_aNew Delhi
_c2013
300 _a1261p.
942 _2ddc
_cBK
_01
999 _c5612
_d5612